[Event "Ramat Gan Spring op"]
[Site "Ramat Gan"]
[Date "2023.05.01"]
[Round "1"]
[White "Rivlin, Shachar"]
[Black "Vardi, Daniel"]
[Result "0-1"]
[WhiteElo "2022"]
[BlackElo "1729"]
[PlyCount "60"]
[EventDate "2023.05.01"]
[EventType "swiss"]
[EventRounds "7"]
[EventCountry "ISR"]
[SourceTitle "CBM 215 Extra"]
[Source "ChessBase"]
[SourceDate "2023.09.30"]
[SourceVersion "1"]
[SourceVersionDate "2023.09.30"]
[SourceQuality "1"]

1. d4 d5 2. c4 e6 3. Nf3 c5 4. cxd5 exd5 5. g3 Nc6 6. Bg2 Nf6 7. 0-0 Be7 8. Nc3 0-0 9. Bg5 cxd4 10. Nxd4 h6 11. Be3 Ne5 12. Rc1 Be6 13. Ncb5 Nc4 14. Bf4 g5 15. b3 Nd6 16. Nc7 gxf4 17. Ndxe6 fxe6 18. Nxe6 Qa5 19. Rc5 Qb6 20. Rc7 Rf7 21. Bxd5 Nxd5 22. Qxd5 fxg3 23. Rxe7 Rxe7 24. Nc7+ Rf7 25. Nxa8 gxf2+ 26. Kg2 Qe3 27. Nc7 Qxe2 28. Ne6 Nf5 29. Rxf2 Ne3+ 30. Kh3 Qg4# 0-1

[Event "ISR-ch U08/18"]
[Site "Savyon"]
[Date "2022.04.07"]
[Round "1"]
[White "Rivlin, Shachar"]
[Black "Solomon, Asif"]
[Result "0-1"]
[WhiteElo "1983"]
[BlackElo "2277"]
[PlyCount "54"]
[EventDate "2022.04.06"]
[EventType "swiss"]
[EventRounds "9"]
[EventCountry "ISR"]
[SourceTitle "EXT 2023"]
[Source "ChessBase"]
[SourceDate "2022.10.05"]
[SourceVersion "1"]
[SourceVersionDate "2022.10.05"]
[SourceQuality "1"]

1. d4 Nf6 2. c4 e6 3. Nf3 a6 4. g3 b5 5. Bg2 Bb7 6. 0-0 bxc4 7. Qa4 c5 8. Qxc4 cxd4 9. Nxd4 Bxg2 10. Kxg2 d5 11. Qa4+ Nbd7 12. Nc3 e5 13. Nc6 Qc7 14. Nxe5 Qxe5 15. Bf4 Qe6 16. Nb5 Rc8 17. Nc7+ Rxc7 18. Bxc7 Bd6 19. Bxd6 Qxd6 20. Rac1 0-0 21. b4 h5 22. h4 Re8 23. Rc2 Re4 24. a3 Qe6 25. e3 Ne5 26. Rc5 Rxh4 27. Qd1 Qh3+ 0-1

[Event "ISR-ch U16"]
[Site "HaKfar HaYarok"]
[Date "2021.03.25"]
[Round "8"]
[White "Guz, Ari"]
[Black "Rivlin, Shachar"]
[Result "1-0"]
[WhiteElo "2302"]
[BlackElo "1918"]
[PlyCount "83"]
[EventDate "2021.03.19"]
[EventType "swiss"]
[EventRounds "9"]
[EventCountry "ISR"]
[SourceTitle "EXT 2022"]
[Source "ChessBase"]
[SourceDate "2021.10.06"]
[SourceVersion "1"]
[SourceVersionDate "2021.10.06"]
[SourceQuality "1"]

1. c4 Nf6 2. g3 c6 3. Bg2 d5 4. b3 g6 5. Bb2 Bg7 6. Nf3 0-0 7. 0-0 Bf5 8. d3 Re8 9. Nbd2 a5 10. Re1 Qb6 11. Qc2 Na6 12. h3 a4 13. Bc3 axb3 14. axb3 Nb4 15. Qb2 Bxd3 16. c5 Qb5 17. Ra4 Nh5 18. Bxg7 Nxg7 19. Qc3 Nc2 20. Rc1 Bf5 21. Rxc2 Bxc2 22. Nd4 Qxa4 23. bxa4 Bxa4 24. Qb4 e5 25. N4f3 Bb5 26. Bf1 Ra4 27. Qb2 e4 28. Nd4 e3 29. fxe3 Ba6 30. Kf2 Ne6 31. Nxe6 Rxe6 32. h4 h5 33. Bh3 Re8 34. Bg2 Bb5 35. Bxd5 Raa8 36. Bb3 Re7 37. Qf6 Rae8 38. Qxg6+ Kf8 39. Qxh5 Rd7 40. Nf3 f6 41. Qh8+ Ke7 42. Qg7+ 1-0